00975 2200361 4500001002100000005001500021035002000036007000300056040001700059100003100076245004200107250001000149300004100159020002200200041000800222082000800230084001400238090002000252264003000272336002100302337003000323338002300353650001400376850001000390008004100400700003800441504002500479990002100504990002200525990002200547990002200569990002200591INLIS00000000000810120260529082550 a0010-0922000590ta aSBPUPADbind0 aAsdani KindartoePengarang1 aStreet Photography /cAsdani Kindarto aEd. 1 aviii, 124 hlm :bilus. ;c19 x 23 cm a978-979-29-5890-407aind a771 a771 ASD s a751 FAU m L23-6 aYogyakarta :bANDI,c2016 2rdacontentateks 2rdamediaatanpa perantara 2rdacarrieravolume 4aFotografi aPUPAD260529 0 0 aEditor, Dwi PrabantiniePengarang aBibliografi, hlm 119 a27.964/PDPK/2018 a27.965/P/DPK/2018 a27.967/P/DPK/2018 a27.967/P/DPK/2018 a27.967/P/DPK/2018